000 00556pab a2200181 454500
008 180718b2000 xxu||||| |||| 00| 0 eng d
100 _aYeung, Henry Wai-Chung
245 _aEconomic globalization, crisis and the emergence of Chinese business communities in Southeast Asia
260 _c2000
300 _ap.266-87
362 _aJun
650 _aBusiness - China
650 _aGlobalization - Southeast Asia
650 _aEconomic recession - Southeast Asia
650 _aEconomic recession
773 _aInternational Sociology
909 _a45170
999 _c45170
_d45170